Statystyki dla Tłumaczenia państw świata na angielski

Kliknij tutaj aby rozwiązać quiz!

Ogólne statystyki

  • Ten quiz został rozwiązany 2 008 razy
    (2 004 od ostatniego zresetowania)
  • Średni wynik to 87 z 191

Statystyki odpowiedzi

PolskiAngielski% Poprawnych
JaponiaJapan
99%
HiszpaniaSpain
94%
FrancjaFrance
90%
WłochyItaly
90%
KanadaCanada
85%
San MarinoSan Marino
84%
AustraliaAustralia
83%
NiemcyGermany
83%
Korea PołudniowaSouth Korea
83%
PolskaPoland
82%
ChileChile
80%
FinlandiaFinland
80%
PortugaliaPortugal
80%
GrecjaGreece
78%
MaltaMalta
77%
BelgiaBelgium
76%
Wielka BrytaniaUnited Kingdom
75%
AustriaAustria
74%
MonakoMonaco
74%
NorwegiaNorway
73%
Stany ZjednoczoneUnited States
73%
PeruPeru
72%
SzwecjaSweden
72%
ChinyChina
71%
DaniaDenmark
71%
PanamaPanama
71%
KubaCuba
70%
OmanOman
70%
BarbadosBarbados
69%
ArgentynaArgentina
68%
CyprCyprus
68%
MeksykMexico
68%
NauruNauru
68%
TurcjaTurkey
68%
IrlandiaIreland
66%
SzwajcariaSwitzerland
66%
IslandiaIceland
65%
IranIran
65%
Sri LankaSri Lanka
65%
RosjaRussia
64%
BrazyliaBrazil
63%
KostarykaCosta Rica
63%
BelizeBelize
62%
CzechyCzech Republic
62%
SłoweniaSlovenia
62%
BruneiBrunei
61%
EstoniaEstonia
61%
IzraelIsrael
61%
ChorwacjaCroatia
60%
DominikaDominica
60%
Korea PółnocnaNorth Korea
60%
SłowacjaSlovakia
60%
SyriaSyria
60%
UkrainaUkraine
60%
HolandiaNetherlands
59%
Saint LuciaSaint Lucia
59%
WietnamVietnam
59%
KatarQatar
58%
SerbiaSerbia
58%
WęgryHungary
57%
SamoaSamoa
57%
JordaniaJordan
56%
PalauPalau
56%
AlbaniaAlbania
55%
EgiptEgypt
55%
MacedoniaMacedonia
55%
NepalNepal
55%
HondurasHonduras
54%
BułgariaBulgaria
53%
LaosLaos
53%
BhutanBhutan
52%
TongaTonga
52%
VanuatuVanuatu
52%
BiałoruśBelarus
51%
HaitiHaiti
51%
MauritiusMauritius
51%
TuvaluTuvalu
51%
WenezuelaVenezuela
51%
AndoraAndorra
50%
ArmeniaArmenia
50%
GrenadaGrenada
50%
GhanaGhana
49%
NigerNiger
49%
SudanSudan
49%
GabonGabon
48%
IndieIndia
48%
ŁotwaLatvia
48%
Nowa ZelandiaNew Zealand
48%
Arabia SaudyjskaSaudi Arabia
48%
SenegalSenegal
48%
IndonezjaIndonesia
47%
NamibiaNamibia
47%
PakistanPakistan
47%
LitwaLithuania
46%
MaliMali
46%
MongoliaMongolia
46%
ParagwajParaguay
46%
RwandaRwanda
46%
TogoTogo
46%
Saint Kitts i NevisSaint Kitts and Nevis
45%
JamajkaJamaica
44%
CzarnogóraMontenegro
44%
NigeriaNigeria
44%
KolumbiaColombia
43%
GruzjaGeorgia
43%
KiribatiKiribati
43%
UgandaUganda
43%
ZambiaZambia
43%
BeninBenin
42%
GambiaGambia
42%
Antigua i BarbudaAntigua and Barbuda
41%
BoliwiaBolivia
41%
IrakIraq
41%
LiberiaLiberia
41%
MalawiMalawi
41%
UrugwajUruguay
41%
ZimbabweZimbabwe
41%
BotswanaBotswana
40%
LesothoLesotho
40%
Sierra LeoneSierra Leone
40%
TanzaniaTanzania
40%
TajlandiaThailand
40%
AngolaAngola
39%
BurundiBurundi
39%
TunezjaTunisia
39%
SomaliaSomalia
38%
BahrajnBahrain
37%
Burkina FasoBurkina Faso
37%
EkwadorEcuador
37%
LuksemburgLuxembourg
36%
MadagskarMadagaskar
35%
UzbekistanUzbekistan
35%
BangladeszBangladesh
34%
CzadChad
34%
FidżiFiji
34%
NikaraguaNicaragua
34%
Sudan PołudniowySouth Sudan
34%
AlgieriaAlgeria
33%
Wyspy MarshallaMarshall Islands
32%
TurkmenistanTurkmenistan
32%
SingapurSingapore
31%
Timor WschodniEast Timor
30%
GwatemalaGuatemala
30%
MikronezjaMicronesia
30%
KongoCongo
29%
MołdawiaMoldova
28%
MarokoMorocco
28%
JemenYemen
28%
Republika Południowej AfrykiSouth Africa
27%
EtiopiaEthiopia
26%
GwineaGuinea
26%
LibiaLibya
26%
LibanLebanon
25%
KambodżaCambodia
24%
GujanaGuyana
24%
Zjednoczone Emiraty ArabskieUnited Arab Emirates
24%
Bośnia i HercegowinaBosnia and Herzegovina
23%
KeniaKenya
23%
SurinamSuriname
23%
Papua-Nowa GwineaPapua-New Guinea
22%
AfganistanAfghanistan
21%
KamerunCameroon
21%
Gwinea BissauGuinea-Bissau
21%
KuwejtKuwait
21%
MalezjaMalaysia
21%
MozambikMozambique
19%
Trynidad i TobagoTrinidad and Tobago
19%
AzerbejdżanAzerbaijan
18%
ErytreaEritrea
18%
TadżykistanTajikistan
18%
Wybrzeże Kości SłoniowejCote d'Ivoire
17%
KazachstanKazakhstan
17%
MalediwyMaldives
16%
FilipinyPhilippines
16%
Saint Vincent i GrenadynySaint Vincent and Grenadines
16%
Wyspy SalomonaSolomon Islands
16%
DominikanaDominican Republic
15%
MjanmaMyanmar
15%
SalwadorEl Salvador
14%
DżibutiDjibouti
12%
Republika Zielonego PrzylądkaCape Verde
11%
SeszeleSeychelles
11%
KomoryComoros
10%
Gwinea RównikowaEquatorial Guinea
9%
Republika ŚrodkowoafrykańskaCentral African Republic
7%
KirgistanKyrgyzstan
7%
MauretaniaMauritania
7%
Wyspy Świętego Tomasza i KsiążęcaSao Tome and Principe
7%
RumuniaRomunia
6%
SuaziSwaziland
6%
Demokratyczna Republika KongaDemocratic Republic of the Congo
3%

Rozkład punktacji

Percentyl według liczby udzielonych odpowiedzi

Procent ludzi z każdym wynikiem

Twoja historia wyników

Nie rozwiązałeś tego quizu od ostatniego zresetowania